Основни договори на Европейския съюз (Запис номер 15488)
[ съкратено ]
| 000 -Лидер | |
|---|---|
| Контролно поле с фиксирана дължина | 02616nam a2200421 c 4500 |
| 003 - Код на организацията, давaща контролен номер | |
| Контролно поле | BLK |
| 005 - Дата и час на последна редакция | |
| Контролно поле | 20180422094656.0 |
| 008 - Елементи от данни с фиксирана дължина | |
| fixed length control field | 180413b bul|||||r ||||||| ||bul|| |
| 010 ## - Наследен системен номер | |
| LC control number | KNG00017274000 |
| 020 ## - Международен стандартен номер на книга ISBN | |
| Международен стандартен номер на книга ISBN | 954-8382-04-0 |
| -- | издат.: Център за европ. изследвания - на том(т. 1) |
| 040 ## - Източник на каталожния запис | |
| Идентификатор на билиотеката - собственик на записа | BLK |
| 041 ## - Код за език | |
| Код за езика на текст/звукозапис или на отделно заглавие | Български |
| Код за езика КДБФ | Български |
| 080 ## - УДК | |
| Текстов определител УДК | Европейска икономическа общност |
| УДК код - определител по УДК | 339.923:061.1ЕИО |
| УДК определител | (094.2) |
| УДК - код + определител | 339.923:061.1ЕИО(094.2) |
| 080 ## - УДК | |
| Текстов определител УДК | Международни съглашения. Международни договори и авторско право. Видове и форми, сключване и ратификация, изпълнение на договори и др. |
| УДК код - определител по УДК | 341.24 |
| УДК определител | (4)(094.2) |
| УДК - код + определител | 341.24(4)(094.2) |
| 139 ## - Редно поле | |
| Редна дума | Основни договори на Европейския съюз |
| Авторски знак | Осн - О 83 |
| 245 10 - Сведения за заглавието | |
| Заглавие | Основни договори на Европейския съюз |
| Подзаглавни данни | T. 1 - 2 |
| Редно поле (дума) | състав. Орлин Борисов; състав. Велислав Леков; предг. от Орлин Борисов; прев. от англ. Велислав Леков. |
| Том | Т. 1 |
| Заглавие на том | Договор за Европейски съюз ; Договор за създаване на ЕОВС ; Договор за създаване на ЕВРАТОМ |
| 257 ## - Страна на издаване | |
| Страна на създаване/издаване | България |
| 260 ## - Област на издателските данни | |
| -- | София |
| Година на издаване | 1997 |
| 300 ## - Физическа характеристика | |
| Размери/Мащаб | 20 см |
| 380 ## - Жанр | |
| Жанр | Обществени науки |
| 500 ## - Общи забележки | |
| Забележка | 2 000 тир Геогр. руб.: Европа |
| 650 #4 - Допълнително описание по предмет – тема | |
| Основно описание – тема или топоним | Европейска общност - нормативни актове |
| 9 (RLIN) | 260262 |
| 650 #4 - Допълнително описание по предмет – тема | |
| Основно описание – тема или топоним | Международни договори и съглашения - Европейска общност - нормативни актове |
| 9 (RLIN) | 260263 |
| 650 #4 - Допълнително описание по предмет – тема | |
| Основно описание – тема или топоним | Международно право - нормативни актове |
| 9 (RLIN) | 258764 |
| 653 ## - Ключова дума – ненормативна | |
| Ключова дума | договори |
| 653 ## - Ключова дума – ненормативна | |
| Ключова дума | Европейски съюз |
| 659 ## - Тематичен бюлетин | |
| Тематичен бюлетин | Е |
| 700 1# - Други автори (авторска отговорност) | |
| Лично име | Борисов, Орлин |
| Автороска отговорност (Описва отношението между автора и произведението) | състав. |
| 9 (RLIN) | 260260 |
| 700 1# - Други автори (авторска отговорност) | |
| Лично име | Леков, Велислав |
| Автороска отговорност (Описва отношението между автора и произведението) | състав. |
| 9 (RLIN) | 260261 |
| 700 1# - Други автори (авторска отговорност) | |
| Лично име | Борисов, Орлин |
| Автороска отговорност (Описва отношението между автора и произведението) | предг. от |
| 9 (RLIN) | 364942 |
| 700 1# - Други автори (авторска отговорност) | |
| Лично име | Леков, Велислав |
| Автороска отговорност (Описва отношението между автора и произведението) | прев. от англ. |
| 9 (RLIN) | 364943 |
| 760 1# - Описание на основната серия | |
| -- | - на том(т. 1) |
| Място на издаване, издател и година | Център за европ. изследвания |
| Страници - том | 304 с. |
| Заглавие | Т. 1 Договор за Европейски съюз ; Договор за създаване на ЕОВС ; Договор за създаване на ЕВРАТОМ |
| 852 ## - Местоположение | |
| Форматна сигнатура | Цб 192682 |
| 856 4# - Електронен адрес и достъп | |
| Електронен формат | pdf - файл |
| Път до файла /url/ | |
| 856 4# - Електронен адрес и достъп | |
| Електронен формат | pdf - файл |
| Път до файла /url/ | |
| 942 ## - АРТИКУЛИ | |
| Вид на библиотечния материал | Книги |
| Скрит в OPAC | Не |
| 944 ## - СЪЗДАВАНЕ И РЕДАКЦИЯ на ЗАПИСА | |
| Създаване/Редакция | Създаване |
| Дата на регистрацията/редакция | 13.02.2003 |
| Служител, извършил регистрацията/редакцията | Геновева_Генчева |
| 944 ## - СЪЗДАВАНЕ И РЕДАКЦИЯ на ЗАПИСА | |
| Създаване/Редакция | Редакция |
| Дата на регистрацията/редакция | 09.07.2003 |
| Служител, извършил регистрацията/редакцията | |
| 999 ## - СИСТЕМНИ КОНТРОЛНИ НОМЕРА | |
| Koha biblionumber | 15488 |
| Koha biblioitemnumber | 15488 |
| Код за отписване | Код за изгубен артикул | Източник на класификационната схема | Код за повреда | Коз за рестрикции | Код за отдаване | Артикулен № | Име на библиотеката - собственик | Име на библиотеката, в която се намира в момента | Статус (Текущо местоположение) | Дата на вписване в системата | Местоположение - отдел | Цена в лева | Инвентарен номер | Систематично азбучна сигнатура | Баркод | Номер на екземпляра | Цена в евро | Служебна бележка | Служебен тип на артикула |
|---|---|---|---|---|---|---|---|---|---|---|---|---|---|---|---|---|---|---|---|
| Не е изгубен | Universal Decimal Classification | Не е повреден | без рестрикции | ползва се в читалня | 26285 | Регионална библиотека "Любен Каравелов" Русе | Регионална библиотека "Любен Каравелов" Русе | Хранилище | 1997-01-01 | Хранилище | 0.00 | 632357 | Цб 192682 | 120000632357 | 1 | 0.00 | Дост: Dp Вид: Д N: 19 Дата: 01.01.1997 | Книги | |
| Изтеглен | Не е изгубен | Universal Decimal Classification | Не е повреден | без рестрикции | заемане за дома | 26286 | Регионална библиотека "Любен Каравелов" Русе | Регионална библиотека "Любен Каравелов" Русе | Заемна - подръчен фонд | 1997-01-01 | Заемна - подръчен фонд | 2.00 | 638151 | П 339.923:061/О 83 | 638151 | 2 | 1.02 | Дост: Pk Вид: Ф N: стар фонд Дата: 01.01.1997 Дата инв: 05.02.2018 Бележки инв: П2018 | Книги |
| Не е изгубен | Universal Decimal Classification | Не е повреден | без рестрикции | заемане за дома | 26287 | Регионална библиотека "Любен Каравелов" Русе | Регионална библиотека "Любен Каравелов" Русе | Заемна - подръчен фонд | 1997-01-01 | Заемна - подръчен фонд | 2.00 | 638152 | П 339.923:061/О 83 | 120000638152 | 3 | 1.02 | Дост: Pk Вид: Ф N: стар фонд Дата: 01.01.1997 Дата инв: 06.02.2018 Бележки инв: П2018 | Книги | |
| Не е изгубен | Universal Decimal Classification | Не е повреден | без рестрикции | заемане за дома | 26288 | Регионална библиотека "Любен Каравелов" Русе | Регионална библиотека "Любен Каравелов" Русе | Заемна - подръчен фонд | 1997-01-01 | Заемна - подръчен фонд | 2.00 | 638153 | П 339.923:061/О 83 | 120000638153 | 4 | 1.02 | Дост: Pk Вид: Ф N: стар фонд Дата: 01.01.1997 Дата инв: 06.02.2018 Бележки инв: П2018 | Книги |